Impacto de los riesgos emergentes en la seguridad marítima. (Record no. 111917)
[ view plain ]
| 000 -LEADER | |
|---|---|
| campo de control de longitud fija | 01133cam a2200301Mi 4500 |
| 001 - NÚMERO DE CONTROL | |
| campo de control | 93385 |
| 005 - FECHA Y HORA DE LA ÚLTIMA TRANSACCIÓN | |
| campo de control | 20230411090052.0 |
| 008 - DATOS DE LONGITUD FIJA--INFORMACIÓN GENERAL | |
| campo de control de longitud fija | 091113s2009 sp 000 0 spa d |
| 035 ## - NÚMERO DE CONTROL DEL SISTEMA | |
| Número de control de sistema | (OCoLC)ocn630599986 |
| 040 ## - FUENTE DE CATALOGACIÓN | |
| Centro catalogador/agencia de origen | ESUDE |
| Lengua de catalogación | spa |
| Centro/agencia transcriptor | ESUDE |
| Centro/agencia modificador | I5B |
| 020 ## - NÚMERO INTERNACIONAL ESTÁNDAR DEL LIBRO | |
| Número Internacional Estándar del Libro | 9788497814881 |
| 020 ## - NÚMERO INTERNACIONAL ESTÁNDAR DEL LIBRO | |
| Número Internacional Estándar del Libro | 8497814886 |
| 024 8# - IDENTIFICADOR DE OTROS ESTÁNDARES | |
| Número estándar o código | NIPO 076-09-100-9 (ediciâon papel) |
| 035 ## - NÚMERO DE CONTROL DEL SISTEMA | |
| Número de control de sistema | (OCoLC)630599986 |
| 049 ## - FONDOS LOCALES (OCLC) | |
| Biblioteca depositaria | GRAL |
| 245 00 - MENCIÓN DEL TÍTULO | |
| Título | Impacto de los riesgos emergentes en la seguridad marítima. |
| 260 ## - PUBLICACIÓN, DISTRIBUCIÓN, ETC. | |
| Lugar de publicación, distribución, etc. | [Madrid] : |
| Nombre del editor, distribuidor, etc. | Ministerio de Defensa, Secretaría General Técnica, |
| Fecha de publicación, distribución, etc. | D.L. 2009. |
| 300 ## - DESCRIPCIÓN FÍSICA | |
| Extensión | 291 p. ; |
| Dimensiones | 24 cm. |
| 490 1# - MENCIÓN DE SERIE | |
| Mención de serie | Cuadernos de estrategia ; |
| Designación de volumen o secuencia | 140 |
| 500 ## - NOTA GENERAL | |
| Nota general | Precede al tít.: Dirección General de Relaciones Institucionales, Instituto Español de Estudios Estratégicos, Grupo de Trabajo número 05/08. |
| 650 04 - PUNTO DE ACCESO ADICIONAL DE MATERIA--TÉRMINO DE MATERIA | |
| Término de materia o nombre geográfico como elemento de entrada | Navegación |
| Subdivisión general | Seguridad |
| -- | Medidas. |
| 710 2# - ENTRADA AGREGADA--NOMBRE DE ENTIDAD CORPORATIVA | |
| Nombre de entidad corporativa o nombre de jurisdicción como elemento de entrada | Instituto Español de Estudios Estratégicos (Madrid, España), |
| Término indicativo de función/relación | ed. |
| 830 #0 - PUNTO DE ACCESO ADICIONAL DE SERIE-TÍTULO UNIFORME | |
| Título uniforme | Cuadernos de estrategia ; |
| Designación de volumen o secuencia | 140. |
| 938 ## - | |
| -- | Iberbook International S.L. |
| -- | IBER |
| -- | IB 100000909 |
| -- | USD8,58 |
| 942 ## - ELEMENTOS DE ENTRADA SECUNDARIOS (KOHA) | |
| Fuente del sistema de clasificación o colocación | Clasificación de Library of Congress |
| Tipo de ítem Koha | |
| 946 ## - PROCESAMIENTO DE INFORMACIÓN LOCAL (OCLC) | |
| a | sadt |
| 994 ## - | |
| -- | C0 |
| -- | DRFGD |
| Estatus retirado | Estado de pérdida | Fuente del sistema de clasificación o colocación | Estado de daño | No para préstamo | Colección | Biblioteca de origen | Biblioteca actual | Ubicación en estantería | Fecha de adquisición | Código de barras | Visto por última vez | Copia número | Tipo de ítem Koha |
|---|---|---|---|---|---|---|---|---|---|---|---|---|---|
| Clasificación de Library of Congress | Automatización y Procesos Técnicos | Biblioteca Juan Bosch | Biblioteca Juan Bosch | Automatización y Procesos Técnicos (1er. Piso) | 11/04/2023 | 00000081183 | 17/02/2019 | 1 |
